00579nam a2200193 a 450000100060000000300090000600800410001502000150005604000280007108200170009910000300011624500370014626000330018330000220021649000320023865000320027065000350030265000480033710551CO-ViMGA141112s2004 ck r 000 u spa d a8420734497 aCO-ViMGAbspacCO-ViMGA04a923.181 P3311 aLucena Samoral ; Manuel, 10aPedro II : bEmperador de Brasil aMadrid : bAnaya S.A, c1988 a126p. : il. color aBiblioteca IberoAméricana14aBRASIL - HISTORIA SIGLO XIX14aBRASIL - Política Y GOBIERNO14aPEDRO II - EMPERADOR DEL BRASIL 1825 - 1891